| 000 | 00566nam a22001697a 4500 | ||
|---|---|---|---|
| 010 | _aENG-119590 | ||
| 020 |
_c180.00 _a8187062460 |
||
| 035 | _aEN-103122 | ||
| 037 | _bDBAD/PUB | ||
| 082 | _a230.2 | ||
| 100 | _aRao, V.V.B.Rama | ||
| 245 |
_aThe splendour of the supreme mother Devi Bhagavatam : _cby V.V.B.Rama Rao _ba compact condensed prose narrative / |
||
| 260 |
_aNew Delhi _bRicha Prakashan _c200? |
||
| 270 |
_aD-36, South Extension Part-One, _bNew Delhi _e110049 |
||
| 300 |
_a192p.: _c22cm(pbk) _bill. |
||
| 942 |
_2ddc _cEN _h230.2 _mRAO |
||
| 999 |
_c143364 _d143364 |
||